Barrios de Valéncia con un mapa - Estadísticas

Estadísticas generales
  • Esta prueba ha sido intentada 319 veces
  • La puntuación promedio es 29 de 87
Respuestas en el mapa
Las respuestas están codificadas por una escala verde-roja en el mapa de la prueba según el % correcto abajo.
 
Estadísticas de respuestas
Respuesta % Correcto
Benimaclet
82%
Patraix
80%
Russafa
80%
Cabanyal-Canyamelar
77%
Campanar
74%
Benicalap
71%
El Carme
68%
Natzaret
66%
La Malva-rosa
63%
Aiora
58%
El Saler
58%
Malilla
57%
Els Orriols
56%
Mestalla
54%
Benimàmet
51%
Beniferri
48%
Torrefiel
48%
El Perellonet
46%
Safranar
46%
Pinedo
45%
El Grau
42%
La Gran Via
42%
Sant Marcel.lí
42%
Marxalenes
41%
Arrancapins
40%
El Palmar
40%
Tres Forques
38%
Beteró
36%
El Mercat
35%
Ciutat Fallera
33%
La Xerea
33%
Sant Isidre
33%
La Seu
32%
Montolivet
32%
Trinitat
32%
La Petxina
31%
Carpesa
30%
El Botànic
30%
Ciutat de les Arts i les Ciències
29%
La Llum
29%
L'Amistat
29%
La Punta
29%
Sant Francesc
29%
Vara de Quart
29%
Castellar-L'Oliveral
28%
El Forn d'Alcedo
28%
El Pilar
28%
Massarrojos
28%
Faitanar
27%
Nou Moles
27%
Borbotó
26%
La Creu Coberta
25%
Poble Nou
25%
Sant Pau
25%
El Pla del Remei
24%
La Fonteta de Sant Lluís
24%
Ciutat Universitària
23%
La Fontsanta
23%
Benifaraig
22%
La Carrasca
22%
Ciutat Jardí
21%
En Corts
21%
Exposició
21%
Jaume Roig
21%
Sant Llorenç
21%
La Roqueta
20%
Morvedre
20%
Sant Antoni
20%
Camí de Vera
19%
Les Cases de Bàrcena
19%
Les Tendetes
19%
Penya-Roja
19%
Na Rovella
18%
Camí Real
17%
La Creu del Grau
17%
La Raiosa
17%
L'Illa Perduda
17%
Soternes
17%
Tormos
17%
Camí Fondo
16%
El Calvari
16%
Albors
15%
Favara
15%
La Vega Baixa
13%
L'Hort de Senabre
13%
Mahuella-Talaudella
11%
Rafalell-Vistavella
10%
No se encontraron pruebas coincidentes
Distribución de puntuación
Porcentaje de gente con cada puntuación
Porcentaje por número respondido
Historial de tus puntuaciones
No has intentado esta prueba.